| 000 | 00472nam a2200193Ia 4500 | ||
|---|---|---|---|
| 005 | 20240823042537.0 | ||
| 008 | 240823s9999||||xx |||||||||||||| ||und|| | ||
| 020 | _a978-81-910747-2-7 | ||
| 041 | _aENGLISH | ||
| 082 | _A621 Q2 | ||
| 100 | _aJulyes Jaisingh S | ||
| 245 | 0 | _aBasic Engineering Civil and Mechanical | |
| 250 | _a3rd | ||
| 260 |
_c2012 _bSRM trisca Publi |
||
| 500 | _aTRANSFERED | ||
| 650 |
_aCivil and Mech _bCivil |
||
| 942 | _cBK | ||
| 999 |
_c208118 _d208118 |
||